Veriteľ míňa posledné peniaze
Veriteľ, a.s. už detailne ovláda dlhy v zdravotníctve. Najväčšia vlna oddlžovania slovenského zdravotníctva prostredníctvom Veriteľa by sa mala skončiť do konca roku 2005. Zverejnené a nezverejnené informácie Veriteľa. Vyrovnávanie pohľadávok zdravotníckych zariadení a poisťovní. Priveľké očakávania...
Salvato in:
| Autore principale: | |
|---|---|
| Natura: | Capitolo di libro |
| Lingua: | slovacco |
| Soggetti: | |
| Tags: |
Nessun Tag, puoi essere il primo ad aggiungerne!!
|
MARC
| LEADER | 00000naa$a2200000$$$4500 | ||
|---|---|---|---|
| 001 | 0036288 | ||
| 005 | 20231009082227.6 | ||
| 041 | 0 | |a slo | |
| 044 | |a SK | ||
| 245 | 1 | 0 | |a Veriteľ míňa posledné peniaze |c Zuzana Horníková |
| 520 | |a Veriteľ, a.s. už detailne ovláda dlhy v zdravotníctve. Najväčšia vlna oddlžovania slovenského zdravotníctva prostredníctvom Veriteľa by sa mala skončiť do konca roku 2005. Zverejnené a nezverejnené informácie Veriteľa. Vyrovnávanie pohľadávok zdravotníckych zariadení a poisťovní. Priveľké očakávania ministerstva zdravotníctva od Veriteľa a realita. | ||
| 610 | 2 | 0 | |a zdravotníctvo |
| 610 | 2 | 0 | |a audit |
| 610 | 2 | 0 | |a pohľadávky |
| 610 | 2 | 0 | |a kúpa |
| 610 | 2 | 0 | |a dlhy |
| 610 | 2 | 0 | |a zariadenia zdravotnícke |
| 610 | 2 | 0 | |a poisťovne |
| 100 | 1 | |a Horníková, Zuzana | |